[Event "Lichtenberger Sommer 2019"]
[Site "Berlin"]
[Date "2019.08.24"]
[Round "8.37"]
[White "Bauder, Herbert"]
[Black "Seitz, Manuel"]
[Result "1/2-1/2"]
[WhiteElo "1947"]
[BlackElo "1764"]
[PlyCount "96"]
[EventDate "2019.??.??"]
[WhiteTeam "Lasker Steglitz-Wilmersdorf"]
[BlackTeam "SC Falkensee"]

1. d4 Nf6 2. Nf3 g6 3. c4 Bg7 4. Nc3 O-O 5. e4 d6 6. Be2 e5 7. O-O Nc6 8. d5
Ne7 9. Ne1 Nd7 10. Be3 f5 11. f3 f4 12. Bf2 g5 13. g4 fxg3 14. hxg3 Rf6 15. Kg2
Rg6 16. Rh1 Nf6 17. c5 a6 18. cxd6 Qxd6 19. Nd3 b6 20. Rc1 g4 21. f4 Nxe4 22.
Nxe5 Nxc3 23. Rxc3 Bxe5 24. fxe5 Qxe5 25. Re3 Qxd5+ 26. Qxd5+ Nxd5 27. Re8+ Kf7
28. Rd8 Nf4+ 29. Kf1 Nh3 30. Bxg4 Bb7 31. Rd7+ Ke8 32. Rxh3 Rxg4 33. Rhxh7 Rc8
34. Rhe7+ Kf8 35. Rh7 Ke8 36. Rxc7 Rxc7 37. Rxc7 Bd5 38. a3 Rc4 39. Rxc4 Bxc4+
40. Ke1 b5 41. Bb6 Be6 42. Kd2 Ke7 43. Ke3 Bd7 44. Kf4 Kf6 45. g4 Kg6 46. g5 b4
47. axb4 Bb5 48. Bd8 Bf1 1/2-1/2

[Event "Lichtenberger Sommer 2019"]
[Site "Berlin"]
[Date "2019.08.24"]
[Round "8.38"]
[White "Dittrich, Tom"]
[Black "Kandeler, Christian"]
[Result "1-0"]
[WhiteElo "1923"]
[BlackElo "1650"]
[PlyCount "63"]
[EventDate "2019.??.??"]
[WhiteTeam "SG Stadtilm"]
[BlackTeam "TSG Oberschöneweide"]

1. e4 c6 2. d4 d5 3. e5 c5 4. dxc5 Nc6 5. Bf4 Bf5 6. Nf3 e6 7. Bb5 Bxc5 8. O-O
Nge7 9. c4 Rc8 10. Nc3 a6 11. cxd5 Nxd5 12. Nxd5 Qxd5 13. Qxd5 exd5 14. Nh4 Be6
15. Bd3 O-O 16. Nf5 Nb4 17. Bb1 g6 18. Nd6 Rc7 19. a3 Nc6 20. b4 Bd4 21. Ra2
Bxe5 22. Bxe5 Nxe5 23. f4 Ng4 24. f5 Ne3 25. fxe6 Nxf1 26. exf7+ Kh8 27. Kxf1
Rc1+ 28. Ke2 Rxb1 29. Rc2 Rb3 30. Rc7 Rxa3 31. Rxb7 Ra5 32. bxa5 1-0

[Event "Lichtenberger Sommer 2019"]
[Site "Berlin"]
[Date "2019.08.24"]
[Round "8.39"]
[White "Metzinger, Hannes"]
[Black "Jugert, Ole"]
[Result "1-0"]
[WhiteElo "1917"]
[BlackElo "1739"]
[PlyCount "55"]
[EventDate "2019.??.??"]
[WhiteTeam "SK Ottenau"]
[BlackTeam "SK Zehlendorf"]

1. e4 c5 2. Nf3 e6 3. d4 cxd4 4. Nxd4 Nc6 5. Nb5 d6 6. c4 Nf6 7. N1c3 a6 8. Na3
Be7 9. Be2 O-O 10. O-O Qc7 11. Be3 b6 12. Rc1 Bb7 13. Nd5 exd5 14. cxd5 Qd7 15.
dxc6 Bxc6 16. Nc4 Bxe4 17. f3 Bd5 18. Nxb6 Qb7 19. Nxa8 Rxa8 20. a3 a5 21. Bc4
Bc6 22. Rf2 Nd5 23. Bxd5 Bxd5 24. Rfc2 Bd8 25. Rd2 Be6 26. Rxd6 Be7 27. Rb6 Qa7
28. Rxe6 1-0

[Event "Lichtenberger Sommer 2019"]
[Site "Berlin"]
[Date "2019.08.24"]
[Round "8.40"]
[White "Mock, Peter"]
[Black "Barwich, Andreas"]
[Result "1-0"]
[WhiteElo "1784"]
[BlackElo "1951"]
[PlyCount "87"]
[EventDate "2019.??.??"]
[WhiteTeam "SC Rochade (Berlin)"]
[BlackTeam "SV Berolina Mitte"]

1. c4 e5 2. Nc3 Nf6 3. Nf3 Nc6 4. e4 Bb4 5. d3 O-O 6. g3 d6 7. Bg2 Nd4 8. Nxd4
exd4 9. a3 Ba5 10. b4 dxc3 11. bxa5 c5 12. a6 Qa5 13. axb7 Bxb7 14. O-O Rab8
15. Bf4 Qc7 16. Qc2 Nh5 17. Bg5 h6 18. Bc1 Qa5 19. Bf3 Nf6 20. Bf4 Rfd8 21.
Rfc1 g5 22. Be3 Nd7 23. Bg2 Bc6 24. d4 Ba4 25. Qxc3 Qxc3 26. Rxc3 Rb2 27. f4
gxf4 28. gxf4 Kh8 29. Re1 Rg8 30. Bf2 f5 31. Rg3 Bc2 32. e5 dxe5 33. fxe5 Be4
34. Bxe4 fxe4 35. dxc5 Rxg3+ 36. hxg3 Kh7 37. Rxe4 Kg6 38. c6 Nb6 39. e6 Kf5
40. Re1 Nxc4 41. c7 Nd2 42. e7 Nf3+ 43. Kf1 Nxe1 44. c8=Q+ 1-0

[Event "Lichtenberger Sommer 2019"]
[Site "Berlin"]
[Date "2019.08.24"]
[Round "8.41"]
[White "Jansen, Robert"]
[Black "Zesewitz, Martin"]
[Result "1/2-1/2"]
[WhiteElo "1746"]
[BlackElo "1906"]
[PlyCount "36"]
[EventDate "2019.??.??"]
[WhiteTeam "SC Kreuzberg"]
[BlackTeam "SF Friedrichshagen"]

1. d4 f5 2. e4 fxe4 3. Nc3 Nf6 4. Bg5 Nc6 5. d5 Ne5 6. Qe2 Nf7 7. Bxf6 exf6 8.
Nxe4 Be7 9. O-O-O O-O 10. g4 d6 11. f4 f5 12. gxf5 Bxf5 13. Ng3 Nh6 14. Nxf5
Nxf5 15. Bh3 g6 16. Nf3 Ng7 17. Qd2 c5 18. Ng5 Bxg5 1/2-1/2

[Event "Lichtenberger Sommer 2019"]
[Site "Berlin"]
[Date "2019.08.24"]
[Round "8.42"]
[White "Jaeger, Andre"]
[Black "Zesewitz, Maik"]
[Result "1/2-1/2"]
[WhiteElo "1897"]
[BlackElo "1742"]
[PlyCount "84"]
[EventDate "2019.??.??"]
[WhiteTeam "SC Rochade (Berlin)"]
[BlackTeam "SF Friedrichshagen"]

1. d4 f5 2. Bg5 c6 3. Nd2 h6 4. Bh4 g5 5. e3 Nf6 6. Bg3 d6 7. Bd3 Be6 8. c3 Qb6
9. Qc2 Nbd7 10. h4 g4 11. Ne2 O-O-O 12. Nf4 Bf7 13. Bxf5 e5 14. dxe5 dxe5 15.
Ne6 Re8 16. Nxf8 Rhxf8 17. O-O-O Kb8 18. Kb1 Nc5 19. Ne4 Ncxe4 20. Bxe4 Qa5 21.
b3 Qa3 22. Rd2 a5 23. f3 a4 24. b4 Nxe4 25. fxe4 c5 26. Qb2 cxb4 27. Qxb4 Qxb4+
28. cxb4 Bg6 29. Kb2 Bxe4 30. Rc1 Rf5 31. Rc4 Bc6 32. Rxg4 Re7 33. Rg8+ Ka7 34.
Bf2 e4 35. Bg3 h5 36. Bb8+ Kb6 37. Bf4 Rd7 38. Rxd7 Bxd7 39. Rg6+ Kb5 40. a3
Rd5 41. Rg5 Kc4 42. Kc2 Rxg5 1/2-1/2

[Event "Lichtenberger Sommer 2019"]
[Site "Berlin"]
[Date "2019.08.24"]
[Round "8.43"]
[White "Zubke, Carsten"]
[Black "Villuela, Roberto"]
[Result "0-1"]
[WhiteElo "1886"]
[BlackElo "1787"]
[PlyCount "96"]
[EventDate "2019.??.??"]
[WhiteTeam "BSG Pneumant Fürstenwalde"]
[BlackTeam "Nairobi Chess Club"]

1. d4 Nf6 2. c4 g6 3. Nc3 d5 4. cxd5 Nxd5 5. e4 Nxc3 6. bxc3 Bg7 7. Be3 c5 8.
Nf3 Qa5 9. Rc1 Nc6 10. Be2 cxd4 11. Nxd4 Nxd4 12. Bxd4 e5 13. Be3 Be6 14. O-O
O-O 15. Rc2 Rfc8 16. Qb1 Rc7 17. c4 b6 18. Bd2 Qa4 19. Rfc1 Bf8 20. Rc3 Bb4 21.
c5 Bxc5 22. Be3 Rac8 23. a3 Qe8 24. Ba6 Rb8 25. Bxc5 bxc5 26. Qc2 Rb6 27. Bf1
c4 28. Rb1 Qb8 29. Rc1 Rbc6 30. Qd2 Kg7 31. h4 h5 32. f4 Rd7 33. Qf2 exf4 34.
Bxc4 Bxc4 35. Rxc4 Rxc4 36. Rxc4 Qb3 37. Rd4 Rb7 38. e5 Qxa3 39. Qxf4 Qe7 40.
Rd6 Rc7 41. Qd4 Kh7 42. g3 Rb7 43. Qd5 Qc7 44. e6 fxe6 45. Qxe6 Rb1+ 46. Kf2
Qc2+ 47. Qe2 Qc5+ 48. Qe3 Rf1+ 0-1

[Event "Lichtenberger Sommer 2019"]
[Site "Berlin"]
[Date "2019.08.24"]
[Round "8.44"]
[White "Becker, Werner"]
[Black "Alten, Silvio"]
[Result "1-0"]
[WhiteElo "1758"]
[BlackElo "1883"]
[PlyCount "107"]
[EventDate "2019.??.??"]
[WhiteTeam "SC Rochade (Berlin)"]
[BlackTeam "SV Mattnetz Berlin"]

1. d4 d5 2. Nf3 e6 3. c4 Nf6 4. Nc3 a6 5. e3 dxc4 6. Bxc4 b5 7. Be2 Bb7 8. a3
Nbd7 9. b4 Bd6 10. Bb2 O-O 11. O-O Qe7 12. Rc1 Ne4 13. Nxe4 Bxe4 14. Nd2 Bg6
15. Bf3 Rab8 16. g3 e5 17. d5 e4 18. Bg2 f5 19. Nb3 Bf7 20. Na5 Ra8 21. Nc6 Qe8
22. Bh3 Be5 23. Nxe5 Nxe5 24. f4 Nd3 25. Rc2 Nxb2 26. Rxb2 Qd7 27. Rd2 Rad8 28.
Qc1 Bxd5 29. Rfd1 c6 30. Qc5 Qb7 31. g4 fxg4 32. Bxg4 Rf6 33. Kf2 g5 34. Rg1
Qf7 35. Ke1 h6 36. h4 Rdd6 37. hxg5 hxg5 38. Bh5 Qe7 39. Rxg5+ Kf8 40. Rdg2 Bb3
41. Qe5 Rd8 42. Rg8+ Bxg8 43. Rxg8+ Kxg8 44. Qxe7 Rdd6 45. Qxe4 Rfe6 46. Qg2+
Kf8 47. Ke2 Re7 48. Qg5 Rde6 49. Qf5+ Kg7 50. Qc5 Kf8 51. Kf3 Kg7 52. Bg4 Re4
53. Qg5+ Kf8 54. Qf5+ 1-0

[Event "Lichtenberger Sommer 2019"]
[Site "Berlin"]
[Date "2019.08.24"]
[Round "8.45"]
[White "Khojoyan, Martin"]
[Black "Hirsch, Christian"]
[Result "0-1"]
[WhiteElo "1850"]
[BlackElo "1726"]
[PlyCount "62"]
[EventDate "2019.??.??"]
[WhiteTeam "SV Motor Wildau"]
[BlackTeam "SF Haselmühl/Amberg"]

1. g4 d5 2. Bg2 c6 3. h3 e5 4. d3 Be6 5. a3 Bc5 6. e4 dxe4 7. Bxe4 Nf6 8. Bg2
Nbd7 9. b4 Bd4 10. c3 Bb6 11. Be3 Bxe3 12. fxe3 Nd5 13. Qf3 Qg5 14. Kf2 f5 15.
h4 Qxg4 16. c4 N5f6 17. Nc3 O-O 18. Qxg4 Nxg4+ 19. Ke2 e4 20. d4 Bxc4+ 21. Kd2
Rad8 22. Rc1 Nde5 23. Nh3 Ba6 24. Ne2 Nc4+ 25. Rxc4 Bxc4 26. Rc1 Bxe2 27. Kxe2
Nf6 28. Nf4 Rd6 29. Rf1 Nd5 30. Nh5 f4 31. Bxe4 Nc3+ 0-1

[Event "Lichtenberger Sommer 2019"]
[Site "Berlin"]
[Date "2019.08.24"]
[Round "8.46"]
[White "Francois, Yannick"]
[Black "Bode, Jan-Michael"]
[Result "1-0"]
[WhiteElo "1745"]
[BlackElo "1841"]
[PlyCount "29"]
[EventDate "2019.??.??"]
[WhiteTeam "SC Falkensee"]
[BlackTeam "SW Lichtenrade"]

1. e4 e6 2. d4 d5 3. Nc3 c5 4. exd5 cxd4 5. Qxd4 Nf6 6. Bg5 Be7 7. O-O-O Nxd5
8. Bxe7 Qxe7 9. Nxd5 exd5 10. Qxg7 Rf8 11. Nf3 Be6 12. Bb5+ Nc6 13. Nd4 Qd6 14.
Nxe6 fxe6 15. Qxb7 1-0

[Event "Lichtenberger Sommer 2019"]
[Site "Berlin"]
[Date "2019.08.24"]
[Round "8.47"]
[White "Wimmer, Thomas"]
[Black "Bellomo, Riccardo"]
[Result "1-0"]
[WhiteElo "1841"]
[BlackElo "1677"]
[PlyCount "69"]
[EventDate "2019.??.??"]
[WhiteTeam "SK Marburg"]
[BlackTeam "SC Zugzwang 95 (Berlin)"]

1. d4 g6 2. c4 d6 3. Nc3 Bg7 4. e4 Nd7 5. Be3 e5 6. d5 Ne7 7. g4 Nf6 8. h3 a6
9. Nge2 c5 10. Ng3 h6 11. Be2 Bd7 12. Qd2 Rb8 13. f4 Qa5 14. fxe5 dxe5 15. O-O
Nc8 16. a3 Qc7 17. b4 b6 18. Rab1 cxb4 19. axb4 Nd6 20. c5 bxc5 21. bxc5 Nb5
22. c6 Bxc6 23. dxc6 Qxc6 24. Nxb5 axb5 25. Rfc1 Qe6 26. Bxb5+ Kf8 27. Bc4 Rxb1
28. Bxe6 Rxc1+ 29. Qxc1 fxe6 30. Qc5+ Kf7 31. Qxe5 Rc8 32. Qf4 Rc4 33. h4 Kg8
34. g5 e5 35. Qxe5 1-0

[Event "Lichtenberger Sommer 2019"]
[Site "Berlin"]
[Date "2019.08.24"]
[Round "8.48"]
[White "Bergmann, Jens"]
[Black "Morczynski, Joachim"]
[Result "1-0"]
[WhiteElo "1829"]
[BlackElo "1701"]
[PlyCount "109"]
[EventDate "2019.??.??"]
[WhiteTeam "SK Tempelhof 1931"]
[BlackTeam "SK Zehlendorf"]

1. e4 c5 2. f4 e5 3. d3 Nc6 4. fxe5 Nxe5 5. Nf3 Ng6 6. Nc3 d6 7. Be2 Nf6 8. O-O
Be7 9. Nd5 Nxd5 10. exd5 O-O 11. Be3 Bf6 12. c3 Re8 13. Bd2 Qb6 14. Bc1 Ne7 15.
c4 Nf5 16. Kh1 Bd7 17. Ng5 Ne3 18. Bxe3 Rxe3 19. Ne4 Bd4 20. Rb1 f5 21. Ng3 g6
22. Rf3 Rae8 23. Rxe3 Bxe3 24. Bf3 Qa5 25. Qb3 b6 26. Ne2 Ba4 27. Qc3 Qxc3 28.
Nxc3 Bc2 29. Re1 Bxd3 30. Nb5 f4 31. Nxd6 Rd8 32. Be4 Bf2 33. Rd1 Bxe4 34. Nxe4
Bd4 35. b3 Kg7 36. Ng5 Re8 37. Ne6+ Rxe6 38. dxe6 Kf6 39. Re1 Be3 40. g3 g5 41.
gxf4 gxf4 42. e7 Kxe7 43. Kg2 Kf6 44. Kf3 a6 45. Rd1 Ke7 46. Rd5 b5 47. Rh5
bxc4 48. bxc4 Kf6 49. Rxh7 Ke5 50. Rd7 a5 51. a4 Kf5 52. Rd5+ Kg6 53. Ke4 Bg1
54. h4 Be3 55. Rf5 1-0

[Event "Lichtenberger Sommer 2019"]
[Site "Berlin"]
[Date "2019.08.24"]
[Round "8.49"]
[White "Caglar, Ertan"]
[Black "Hoyer, Olaf"]
[Result "0-1"]
[WhiteElo "1724"]
[BlackElo "1824"]
[PlyCount "72"]
[EventDate "2019.??.??"]
[WhiteTeam "SW Lichtenrade"]
[BlackTeam "SC BS Gliesmarode"]

1. e4 d6 2. d4 Nf6 3. Nc3 e5 4. dxe5 dxe5 5. Qxd8+ Kxd8 6. Bg5 Be6 7. Nf3 Nbd7
8. O-O-O Bd6 9. Nd2 c6 10. Bc4 Ke7 11. Bxe6 Kxe6 12. Nc4 Bb4 13. f3 b5 14. Ne3
g6 15. Ne2 h6 16. Bh4 Bc5 17. Rd3 g5 18. Be1 Bxe3+ 19. Rxe3 Nb6 20. b3 a5 21.
Rc3 Rhc8 22. Bf2 Nfd7 23. Rd1 c5 24. Rcd3 Rc6 25. Nc3 c4 26. Re3 cxb3 27. axb3
Rac8 28. Nxb5 Rxc2+ 29. Kb1 Rxf2 30. Rd6+ Ke7 31. Red3 f6 32. Na7 Rcc2 33. Nc6+
Ke8 34. Nb8 Rb2+ 35. Kc1 Nc5 36. Rd8+ Kf7 0-1

[Event "Lichtenberger Sommer 2019"]
[Site "Berlin"]
[Date "2019.08.24"]
[Round "8.50"]
[White "Matitschka, Johannes"]
[Black "Ho, Ngoc Hai-Dang"]
[Result "1-0"]
[WhiteElo "1815"]
[BlackElo "1642"]
[PlyCount "95"]
[EventDate "2019.??.??"]
[WhiteTeam "TSG Oberschöneweide"]
[BlackTeam "SV Mattnetz Berlin"]

1. Nf3 b6 2. g3 Bb7 3. Bg2 Nf6 4. O-O e6 5. c4 Be7 6. d4 O-O 7. Nc3 d5 8. Qc2
c5 9. Rd1 Nc6 10. dxc5 Bxc5 11. a3 Ne7 12. b4 Bd6 13. e4 Nxe4 14. Nxe4 dxe4 15.
Ng5 Qc7 16. Bxe4 Bxe4 17. Qxe4 Nf5 18. Bb2 h6 19. Nf3 Rad8 20. Rd2 Be7 21. Be5
Bd6 22. Bb2 Be7 23. Be5 Bd6 24. Rad1 Bxe5 25. Rxd8 Rxd8 26. Rxd8+ Qxd8 27. Nxe5
Qd4 28. Qxd4 Nxd4 29. c5 bxc5 30. bxc5 f6 31. c6 Nb5 32. a4 Nc7 33. Nc4 Kf7 34.
Nd6+ Kf8 35. Nb5 Nxb5 36. axb5 Ke7 37. f4 Kd6 38. Kf2 a6 39. bxa6 Kxc6 40. Ke3
Kb6 41. Kd4 Kxa6 42. Kc5 g5 43. fxg5 fxg5 44. g4 Kb7 45. Kd6 Kc8 46. Kxe6 Kd8
47. Kf7 Kd7 48. Kg6 1-0

[Event "Lichtenberger Sommer 2019"]
[Site "Berlin"]
[Date "2019.08.24"]
[Round "8.52"]
[White "Weber, Constanze"]
[Black "Patzenhauer, Max"]
[Result "0-1"]
[WhiteElo "1490"]
[BlackElo "1945"]
[PlyCount "120"]
[EventDate "2019.??.??"]
[WhiteTeam "SV Ruhrspringer"]
[BlackTeam "SV Motor Wildau"]

1. c4 g6 2. Nc3 Bg7 3. g3 d6 4. Bg2 Nc6 5. d3 Nf6 6. Nf3 O-O 7. O-O e5 8. Ng5
h6 9. Nge4 Ne8 10. Rb1 a5 11. a3 Bd7 12. b4 axb4 13. axb4 f5 14. Nd2 e4 15. Nd5
exd3 16. exd3 Nd4 17. b5 c6 18. bxc6 Bxc6 19. Nb3 Ba4 20. Nc3 Bxb3 21. Rxb3
Nxb3 22. Qxb3 Kh7 23. Nb5 Rb8 24. Be3 Nf6 25. Ba7 Ra8 26. Bxb7 Rxa7 27. Nxa7
Qc7 28. Nc6 Nd7 29. Rb1 Nc5 30. Qb6 Qxb6 31. Rxb6 Nxd3 32. Na5 Rd8 33. Bd5 Rd7
34. Rb7 Rxb7 35. Nxb7 Bd4 36. Nxd6 Bxf2+ 37. Kf1 Bd4 38. Nb5 Bc5 39. Nc7 Nb4
40. Kg2 g5 41. h3 Kg6 42. Bb7 Nc2 43. Bd5 Kf6 44. Na6 Ne3+ 45. Kh1 Nxd5 46.
Nxc5 Ne3 47. Nd7+ Ke6 48. Nb6 Kd6 49. Kg1 Kc7 50. Kf2 Nd1+ 51. Ke2 Kxb6 52.
Kxd1 Kc5 53. h4 Kxc4 54. Kc2 Kd4 55. Kd2 Ke4 56. Ke2 gxh4 57. gxh4 Kf4 58. Kf2
h5 59. Ke2 Kg3 60. Kf1 Kf3 0-1

[Event "Lichtenberger Sommer 2019"]
[Site "Berlin"]
[Date "2019.08.24"]
[Round "8.53"]
[White "Schäfer, Heiko"]
[Black "Pöltelt, Helmut"]
[Result "1-0"]
[WhiteElo "2002"]
[BlackElo "1746"]
[PlyCount "123"]
[EventDate "2019.??.??"]
[WhiteTeam "Potsdamer SV"]
[BlackTeam "SC Eintracht Berlin"]

1. Nf3 Nf6 2. c4 e6 3. g3 d5 4. d4 c5 5. cxd5 exd5 6. Bg2 cxd4 7. O-O Nc6 8.
Nxd4 Nxd4 9. Qxd4 Be7 10. Nc3 Be6 11. Rd1 O-O 12. Nxd5 Nxd5 13. Bxd5 Qc8 14.
Bf4 Rd8 15. Rac1 Qd7 16. e4 Bf6 17. Be5 Bxe5 18. Qxe5 Qd6 19. Qxd6 Rxd6 20.
Bxb7 Rxd1+ 21. Rxd1 Rb8 22. b3 Kf8 23. Bd5 Bh3 24. f3 Rc8 25. Bc4 Ke7 26. Kf2
h5 27. Rd5 g6 28. Ra5 Rc7 29. Ke3 Be6 30. Kd4 f6 31. Bxe6 Kxe6 32. Ra6+ Ke7 33.
Kd5 Rd7+ 34. Kc5 Rc7+ 35. Rc6 Rb7 36. e5 fxe5 37. Rxg6 Rc7+ 38. Kd5 Rc2 39.
Rg7+ Kf6 40. Rxa7 Rxh2 41. Ra6+ Kf5 42. g4+ hxg4 43. fxg4+ Kf4 44. Ra4+ Kg5 45.
Kxe5 Re2+ 46. Kd4 Kxg4 47. Kd3+ Kf3 48. Rf4+ Kxf4 49. Kxe2 Ke4 50. a4 Kd5 51.
a5 Kc5 52. Kd3 Kb5 53. b4 Kc6 54. Kc4 Kc7 55. b5 Kb7 56. Kc5 Ka7 57. Kc6 Kb8
58. b6 Kc8 59. b7+ Kb8 60. a6 Ka7 61. Kc7 Kxa6 62. b8=Q 1-0

[Event "Lichtenberger Sommer 2019"]
[Site "Berlin"]
[Date "2019.08.24"]
[Round "8.54"]
[White "Schilly, Hans-Joachim"]
[Black "Verbitsky, Jaroslaw"]
[Result "0-1"]
[WhiteElo "1739"]
[BlackElo "1917"]
[PlyCount "45"]
[EventDate "2019.??.??"]
[WhiteTeam "SF Siemensstadt"]
[BlackTeam "SV Mattnetz Berlin"]

1. c4 g6 2. Nc3 c5 3. Nf3 Nc6 4. g3 Bg7 5. Bg2 e6 6. O-O Nge7 7. d3 O-O 8. Bd2
b6 9. Qc1 Bb7 10. Bh6 d5 11. Bxg7 Kxg7 12. a3 d4 13. Ne4 f5 14. Neg5 Qd7 15. e3
h6 16. Nh3 g5 17. Ne1 e5 18. f4 g4 19. Nf2 Na5 20. Rb1 Nb3 21. Qc2 dxe3 22. Ne4
Nd4 23. Qd1 0-1

[Event "Lichtenberger Sommer 2019"]
[Site "Berlin"]
[Date "2019.08.24"]
[Round "8.55"]
[White "Stein, Siegfried"]
[Black "Bunkens, Rudi"]
[Result "0-1"]
[WhiteElo "1852"]
[BlackElo "1724"]
[PlyCount "88"]
[EventDate "2019.??.??"]
[WhiteTeam "SV Berolina Mitte"]
[BlackTeam "Koninklijke Gentse SK"]

1. e4 c5 2. d4 cxd4 3. c3 dxc3 4. Nxc3 e6 5. Nf3 a6 6. a4 Nc6 7. Bc4 d6 8. O-O
Nf6 9. Qe2 Qc7 10. Be3 Be7 11. Rac1 Qa5 12. Rfd1 O-O 13. Bg5 Rd8 14. h3 Ne5 15.
Nxe5 dxe5 16. h4 Bd7 17. h5 h6 18. Bxf6 Bxf6 19. Rd3 Bg5 20. Rcd1 Bc6 21. b3
Rxd3 22. Rxd3 Rd8 23. Kf1 Rd4 24. f3 Qd8 25. Qc2 Bf4 26. Ne2 Rxd3 27. Qxd3 Qxd3
28. Bxd3 Be3 29. Nc3 Bd4 30. Nb1 Kf8 31. Ke2 Ke7 32. Kd2 Kf6 33. g4 Kg5 34. Na3
Kf4 35. Be2 f5 36. Nc4 fxg4 37. fxg4 Bxe4 38. Nd6 Bd5 39. b4 e4 40. a5 Be5 41.
Nc8 e3+ 42. Kc1 Bf3 43. Kd1 Bxg4 44. Ne7 Kg5 0-1

[Event "Lichtenberger Sommer 2019"]
[Site "Berlin"]
[Date "2019.08.24"]
[Round "8.57"]
[White "Rausch, Erik"]
[Black "Schneider, Eckehard"]
[Result "1/2-1/2"]
[WhiteElo "1718"]
[BlackElo "1844"]
[PlyCount "57"]
[EventDate "2019.??.??"]
[WhiteTeam "SC Kreuzberg"]
[BlackTeam "SF 1903 Berlin"]

1. Nf3 Nf6 2. c4 g6 3. b4 a5 4. b5 c6 5. a4 Bg7 6. Bb2 O-O 7. g3 b6 8. Bg2 Bb7
9. O-O d5 10. Na3 c5 11. d4 Ne4 12. Qc2 Nd7 13. Rad1 Rc8 14. dxc5 Bxb2 15. Qxb2
Ndxc5 16. Qc2 e6 17. Rd4 Qf6 18. cxd5 Bxd5 19. Nc4 Nd7 20. Rxe4 Rc5 21. Rh4
Rfc8 22. Nfd2 Ne5 23. Rc1 Nxc4 24. Nxc4 Bxc4 25. Rxc4 Rxc4 26. Qxc4 Rxc4 27.
Rxc4 Qa1+ 28. Bf1 Kg7 29. Kg2 1/2-1/2

[Event "Lichtenberger Sommer 2019"]
[Site "Berlin"]
[Date "2019.08.24"]
[Round "8.58"]
[White "Jeß, Arne"]
[Black "Dittrich, Hans-Georg"]
[Result "1/2-1/2"]
[WhiteElo "1842"]
[BlackElo "1722"]
[PlyCount "63"]
[EventDate "2019.??.??"]
[WhiteTeam "TSG Fredersdorf/Vogelsdorf"]

1. e4 e5 2. Nc3 Nc6 3. Bc4 Nf6 4. Bb3 Bc5 5. d3 a6 6. Bg5 h6 7. Bh4 g5 8. Bg3
d6 9. h4 g4 10. h5 Nd4 11. Bh4 Nxb3 12. axb3 c6 13. Nge2 d5 14. exd5 cxd5 15.
d4 exd4 16. Nxd5 Qxd5 17. Bxf6 O-O 18. Qd2 Kh7 19. O-O-O d3 20. Nf4 Qf5 21.
Nxd3 Be6 22. Kb1 Rac8 23. Bc3 Rfd8 24. Qe2 Bd4 25. Bxd4 Rxd4 26. Nc1 Rcd8 27.
Rxd4 Rxd4 28. Ka1 a5 29. Qe3 Qd5 30. c3 Re4 31. Qd3 Qf5 32. f3 1/2-1/2

[Event "Lichtenberger Sommer 2019"]
[Site "Berlin"]
[Date "2019.08.24"]
[Round "8.59"]
[White "Beyer, Nils"]
[Black "Moeller, Jared William"]
[Result "1/2-1/2"]
[WhiteElo "1832"]
[BlackElo "1693"]
[PlyCount "83"]
[EventDate "2019.??.??"]
[WhiteTeam "TG Wehlheiden"]
[BlackTeam "SV Glückauf Rüdersdorf"]

1. d4 Nf6 2. c4 c5 3. d5 e6 4. Nc3 exd5 5. cxd5 d6 6. g3 g6 7. Bg2 Bg7 8. Nf3
O-O 9. O-O a6 10. a4 Re8 11. Nd2 Nbd7 12. Nc4 Ne5 13. Na3 Rb8 14. h3 b6 15. f4
Ned7 16. Qc2 Kh8 17. e4 Qc7 18. Re1 Ng8 19. Bd2 Ne7 20. Rad1 c4 21. Bf1 b5 22.
axb5 axb5 23. Ncxb5 Rxb5 24. Nxb5 Qc5+ 25. Be3 Qxb5 26. Bd4 Nb6 27. Qc3 Bxd4+
28. Qxd4+ Kg8 29. Re3 f5 30. exf5 Nxf5 31. Rxe8+ Kf7 32. Rf8+ Kxf8 33. Qf6+ Kg8
34. Qd8+ Kf7 35. Qc7+ Bd7 36. Rc1 Ne3 37. Qxd6 Nxf1 38. Rxf1 Bxh3 39. Re1 Nxd5
40. Re5 Qb6+ 41. Qxb6 Nxb6 42. Rb5 1/2-1/2

[Event "Lichtenberger Sommer 2019"]
[Site "Berlin"]
[Date "2019.08.24"]
[Round "8.60"]
[White "Ziems, Michael"]
[Black "Ollek, Karl-Heinz"]
[Result "1-0"]
[WhiteElo "1820"]
[BlackElo "1671"]
[PlyCount "117"]
[EventDate "2019.??.??"]
[WhiteTeam "SV Empor Berlin"]
[BlackTeam "SC Friesen Lichtenberg"]

1. d4 Nf6 2. c4 c5 3. dxc5 e6 4. Nc3 Bxc5 5. e3 O-O 6. Nf3 b6 7. Be2 Bb7 8. a3
Re8 9. b4 Be7 10. Bb2 Qc7 11. Nb5 Qc6 12. Be5 d6 13. Bb2 e5 14. Nc3 Nbd7 15.
Rc1 Qc8 16. O-O a5 17. Nd5 e4 18. Nd4 Qd8 19. Nxe7+ Qxe7 20. Nf5 Qf8 21. Nxd6
Reb8 22. c5 bxc5 23. bxc5 Bc6 24. Ba1 Bd5 25. Qd4 Rb3 26. Bb5 Rd8 27. Bxd7 Rd3
28. Qa4 Nxd7 29. Bd4 Nb8 30. Nf5 f6 31. Qxa5 Nc6 32. Qc7 Ra8 33. Rb1 Rc8 34.
Qd6 Rd8 35. Qg3 Kh8 36. Rfd1 Be6 37. Rxd3 exd3 38. Nd6 Bd5 39. Rd1 Rb8 40. h3
Rb3 41. Qf4 Qe7 42. a4 h6 43. Nf5 Qe4 44. Qxe4 Bxe4 45. Nd6 Bg6 46. f4 f5 47.
Rd2 Kg8 48. Kf2 Kf8 49. Kf3 h5 50. Nc4 Bf7 51. Nb6 h4 52. g3 hxg3 53. Kxg3 Ne7
54. Kh4 g6 55. Kg5 Be8 56. Kf6 Ng8+ 57. Ke6 Bf7+ 58. Kd6 Ke8 59. c6 1-0

[Event "Lichtenberger Sommer 2019"]
[Site "Berlin"]
[Date "2019.08.24"]
[Round "8.61"]
[White "Hesselbarth, Karlheinz"]
[Black "Korell, Klaus-Peter"]
[Result "0-1"]
[WhiteElo "1692"]
[BlackElo "1816"]
[PlyCount "106"]
[EventDate "2019.??.??"]
[WhiteTeam "SC Zugzwang 95 (Berlin)"]
[BlackTeam "SG TT/Wiheil"]

1. d4 Nf6 2. c4 e6 3. Nc3 d5 4. Bg5 Be7 5. e3 O-O 6. Nf3 b6 7. cxd5 exd5 8. Bd3
Bb7 9. O-O Ne4 10. Bxe7 Qxe7 11. Ne5 Nd7 12. f4 f5 13. Rc1 c5 14. Qe2 Rf6 15.
Rfd1 c4 16. Bxe4 fxe4 17. b3 cxb3 18. axb3 a6 19. Qg4 Nxe5 20. dxe5 Rg6 21. Qe2
Rd8 22. Qd2 d4 23. g3 d3 24. Ne2 Qd7 25. Nd4 h5 26. Kh1 Rg4 27. Qf2 Rc8 28. Qd2
h4 29. Rxc8+ Bxc8 30. Rg1 hxg3 31. hxg3 Qf7 32. Rg2 Rg6 33. Kg1 Bg4 34. Qc3 Rh6
35. Qd2 Qh5 36. Kf2 Qh1 37. Qe1 Qxe1+ 38. Kxe1 Rh1+ 39. Kd2 Rd1+ 40. Kc3 Rc1+
41. Kb2 Re1 42. Kc3 Rh1 43. f5 Rf1 44. Ne6 Bxf5 45. Nf4 Kf7 46. g4 Bc8 47. Kd4
Bb7 48. Nd5 b5 49. g5 Ke6 50. Nc3 Rc1 51. Rd2 Rg1 52. Rf2 Rxg5 53. Nxe4 Rg4 0-1

[Event "Lichtenberger Sommer 2019"]
[Site "Berlin"]
[Date "2019.08.24"]
[Round "8.62"]
[White "Udet, Fabian"]
[Black "Schmalzried, Volker"]
[Result "0-1"]
[WhiteElo "1684"]
[BlackElo "1808"]
[PlyCount "132"]
[EventDate "2019.??.??"]
[WhiteTeam "1. SC Anhalt"]

1. e4 c5 2. Nc3 Nc6 3. f4 g6 4. Nf3 Bg7 5. Bb5 d6 6. O-O Nf6 7. d3 O-O 8. Bxc6
bxc6 9. Qe1 Rb8 10. Qh4 Bg4 11. h3 Bxf3 12. Rxf3 Nd7 13. Qe1 e6 14. Rb1 f5 15.
b3 Qa5 16. Bb2 Rbe8 17. Na4 Qc7 18. Bxg7 Kxg7 19. c4 fxe4 20. dxe4 d5 21. e5
Rf7 22. Qf2 Ref8 23. g3 d4 24. Re1 a5 25. Nb2 Nb6 26. Nd3 Qe7 27. a4 Nd7 28.
Qd2 Qd8 29. Kg2 Qb6 30. Qd1 Nb8 31. Ref1 Na6 32. g4 Nb4 33. f5 exf5 34. gxf5
Rxf5 35. Rxf5 Rxf5 36. Rxf5 gxf5 37. Nf4 Qb7 38. Ne6+ Kg6 39. Nxc5 d3 40. Nxd3
Nxd3 41. Qxd3 c5+ 42. Kg3 Qe7 43. Qd6+ Kf7 44. Kf3 Qh4 45. Qd7+ Kg6 46. Qe6+
Kg7 47. Qxf5 Qe1 48. Kg4 Qd1+ 49. Qf3 Qd4+ 50. Kf5 Qd8 51. Qc6 Qd3+ 52. Qe4
Qxh3+ 53. Qg4+ Qxg4+ 54. Kxg4 Kf7 55. Kf5 h5 56. e6+ Ke7 57. Kg5 Kxe6 58. Kxh5
Ke5 59. Kg6 Kd4 60. Kf6 Kc3 61. Ke5 Kxb3 62. Kd5 Kb4 63. Ke4 Kxc4 64. Ke3 Kc3
65. Ke2 c4 66. Kd1 Kb2 0-1

[Event "Lichtenberger Sommer 2019"]
[Site "Berlin"]
[Date "2019.08.24"]
[Round "8.63"]
[White "Fock, Sana"]
[Black "Doraszelski, Alexander"]
[Result "1-0"]
[WhiteElo "1800"]
[BlackElo "1649"]
[PlyCount "37"]
[EventDate "2019.??.??"]
[WhiteTeam "SC Kreuzberg"]
[BlackTeam "SV Empor Berlin"]

1. e4 c5 2. Nc3 Nc6 3. f4 d6 4. Nf3 g6 5. Bc4 Bg7 6. O-O e6 7. d3 Nge7 8. f5
exf5 9. Qe1 O-O 10. Qh4 Ne5 11. Nxe5 dxe5 12. Bg5 Qd4+ 13. Kh1 Nc6 14. Nd5 Qxb2
15. a4 Nb4 16. Nf6+ Bxf6 17. Bxf6 h5 18. Be7 Re8 19. Bxf7+ 1-0